Botschafter bei den Roten Zaren : (Titelsatznr. 49354)
[ MARC ]
| 000 -Satzkennung | |
|---|---|
| Kontrollfeld mit fester Länge | 00809nam a22002651c 4500 |
| 001 - Kontrollnummer | |
| Kontrollfeld | a987688648 |
| 008 - Feld mit fester Länge zur physischen Beschreibung - Allgemeine Angaben | |
| Kontrollfeld mit fester Länge | 171108s1967 gw |||| 000u ger d |
| 041 ## - Sprachcode | |
| Sprachcode des Textes/der Tonspur oder des separaten Titels | ger |
| 040 ## - Katalogisierungsquelle | |
| Übertragungsstelle | RU-10907106 |
| 003 - Kontrollnummer Identifier | |
| Kontrollfeld | RU-10907106 |
| 100 1# - Haupteintragung - Personenname | |
| Personenname | Joost, Wilhelm |
| 245 00 - Titel | |
| Titel | Botschafter bei den Roten Zaren : |
| Zusatz zum Titel | Die deutschen Missionschefs in Moskau 1918-1941. Nach Geheimakten und persönlichen Aufzeichnungen. Mit 4 Bildseiten |
| 264 ## - Produktion, Veröffentlichung, Distribution, Herstellung und Urheberrechtsvermerk | |
| Herstellungs-, Veröffentlichungs- Vertriebs-, Erzeugungsort | Wien : |
| Produzent, Herausgeber, Distributor, Hersteller | Molden, |
| Datum der Herstellung, der Veröffentlichung, des Vertriebs oder des Urheberschutzvermerks | 1967 |
| 300 ## - Physische Beschreibung | |
| Umfang | 336 Seiten |
| 600 #0 - Nebeneintragung unter einem Schlagwort - Personenname | |
| Personenname | Brockdorff-Rantzau, Ulrich von |
| 600 #0 - Nebeneintragung unter einem Schlagwort - Personenname | |
| Personenname | Helfferich, Karl |
| 600 #0 - Nebeneintragung unter einem Schlagwort - Personenname | |
| Personenname | Mirbach-Harff, Wilhelm von |
| 600 #0 - Nebeneintragung unter einem Schlagwort - Personenname | |
| Personenname | Nadolny, Rudolf |
| 600 #0 - Nebeneintragung unter einem Schlagwort - Personenname | |
| Personenname | Schulenburg, Friedrich Werner von der |
| 648 #0 - Nebeneintragung unter einem Schlagwort - Zeitschlagwort | |
| Zeitschlagwort | <1918-1941> |
| 650 #0 - Nebeneintragung unter einem Schlagwort - Sachschlagwort | |
| Sachschlagwort oder geografischer Name als Eintragungselement | Außenpolitik |
| 651 #0 - Nebeneintragung unter einem Schlagwort - Geografischer Name | |
| Geografischer Name | Deutschland |
| 651 #0 - Nebeneintragung unter einem Schlagwort - Geografischer Name | |
| Geografischer Name | Sowjetunion |
| 942 ## - Zusätzliche Felder (Koha) | |
| Koha-Medientyp | Monographien |
| Ausgeschieden | Verloren | Klassifikation oder Aufstellungssystematik | Beschädigt | Nicht entleihbar | Heimatbibliothek | Aufenthaltsbibliothek | Aufstellungsort | Erwerbungsdatum | Inventarnummer | Signatur | Barcode | Letzte Aktivität | Preis gültig von | Koha-Medientyp |
|---|---|---|---|---|---|---|---|---|---|---|---|---|---|---|
| Andere/Generische Klassifikation | MWN Osteuropa | MWN Osteuropa | Lesesaal - 1 | 08/11/2017 | 18-00362 | D 51 c Joo | E00401507908799E | 23/02/2021 | 22/03/2021 | Monographien |